| 000 | 00662nam a22001937a 4500 | ||
|---|---|---|---|
| 999 |
_c160512 _d160512 |
||
| 005 | 20190213110920.0 | ||
| 010 | _aENG-124716 | ||
| 020 |
_c1195.00 _a9788178245249 |
||
| 035 | _aEN-108248 | ||
| 037 | _bDBAD/PUB | ||
| 082 | _a954.08 | ||
| 100 | _aBhattacharya, Neeladri | ||
| 245 |
_aThe great agrarian conquest : _cby Neeladri Bhattacharya _bthe colonial reshaping of a rural world/ |
||
| 260 |
_aRanikhet _bPermanent Black _c2018 |
||
| 270 |
_a'Himalayana', Mall Road,667,Ranikhet Cantt, _bRanikhet _e263645 |
||
| 300 |
_axv,522p. _c22cm (Hb) |
||
| 500 | _aincludes bibliographical references and index | ||
| 942 |
_2ddc _cEN _mBHA _h954.08 |
||